00741nam a2200253 a 4500001001300000003000900013005001700022008004100039020002300080082001300103100002300116245002200139260004400161300000900205500003500214505001000249650003400259650002300293700002300316902000800339942000700347952011600354999001700470nice12345678IN_TiNIC20260116014957.0050524s1994 mica grp 000 0 eng  a0802848 c10000a232bYOD aYoder, John Howard aPolitics of Jesus aMichiganbWilliam B.Eerdmans Pub c1994 a257p aincludes index and biblioraphy2 aIndex aJesus Christ-Political Person aTheology-Political1 aYoder, John Howard bSRS cBK 001040708StackRoom-aHMIbHMId2011-06-22g100.00l0o232 YODp11000344r2011-06-22v100.00w2005-05-24yBK c17800d17800